000 01126pam a2200301 a 4500
999 _c332414
_d332414
001 2051034
003 NUST
005 20171204103651.0
008 930527s1994 flua b 001 0 eng
010 _a 93023049
020 _a0873716809
040 _aDLC
_cDLC
_dDLC
050 0 0 _aTD878
_b.P54 1994
082 0 0 _a628.55 PIE
_220
100 1 _aPierzynski, Gary M.
_96910
245 1 0 _aSoils and environmental quality /
_cby Gary M. Pierzynski, J. Thomas Sims, and George F. Vance.
260 _aBoca Raton :
_bLewis Publishers,
_cc1994.
300 _a313 p. :
_bill. ;
_c25 cm.
500 _aH.B
504 _aIncludes bibliographical references and index.
650 0 _aSoil pollution.
_96517
650 0 _aSoil remediation.
_96465
650 0 _aSoils.
_96885
700 1 _aSims, J. T.
_96911
700 1 _aVance, George F.
_96912
856 4 2 _3Publisher description
_uhttp://www.loc.gov/catdir/enhancements/fy0744/93023049-d.html
906 _a7
_bcbc
_corignew
_d1
_eocip
_f19
_gy-gencatlg
942 _2ddc
_cBK
_kIESE